<?xml version="1.0" encoding="UTF-8"?>
<record
    xmlns:xsi="http://www.w3.org/2001/XMLSchema-instance"
    xsi:schemaLocation="http://www.loc.gov/MARC21/slim http://www.loc.gov/standards/marcxml/schema/MARC21slim.xsd"
    xmlns="http://www.loc.gov/MARC21/slim">

  <leader>00665nam a22002297a 4500</leader>
  <controlfield tag="005">20250901123055.0</controlfield>
  <controlfield tag="008">240828b        |||||||| |||| 00| 0 eng d</controlfield>
  <datafield tag="020" ind1=" " ind2=" ">
    <subfield code="a">9789358491661</subfield>
  </datafield>
  <datafield tag="040" ind1=" " ind2=" ">
    <subfield code="a">IN-DiNC</subfield>
    <subfield code="c">IN-DiNC</subfield>
  </datafield>
  <datafield tag="041" ind1=" " ind2=" ">
    <subfield code="d">asm</subfield>
  </datafield>
  <datafield tag="082" ind1=" " ind2=" ">
    <subfield code="a">301.0954</subfield>
    <subfield code="b">BHA</subfield>
  </datafield>
  <datafield tag="245" ind1=" " ind2=" ">
    <subfield code="a">Bharatar samajtattwa - pratham khanda (Major3)/</subfield>
    <subfield code="c">by Dilip Kumar Bhuyan and others</subfield>
  </datafield>
  <datafield tag="250" ind1=" " ind2=" ">
    <subfield code="a">1st ed.</subfield>
  </datafield>
  <datafield tag="260" ind1=" " ind2=" ">
    <subfield code="a">Dibrugarh:</subfield>
    <subfield code="b">Banalata,</subfield>
    <subfield code="c">2024.</subfield>
  </datafield>
  <datafield tag="300" ind1=" " ind2=" ">
    <subfield code="a">280.00</subfield>
  </datafield>
  <datafield tag="650" ind1=" " ind2=" ">
    <subfield code="a">Sociology of India - I</subfield>
  </datafield>
  <datafield tag="700" ind1=" " ind2=" ">
    <subfield code="a">Bhuyan, Dilip Kumar</subfield>
    <subfield code="e">author</subfield>
  </datafield>
  <datafield tag="700" ind1=" " ind2=" ">
    <subfield code="a">Phukan, Prasanta</subfield>
    <subfield code="e">author</subfield>
  </datafield>
  <datafield tag="700" ind1=" " ind2=" ">
    <subfield code="a">Dutta, Santana</subfield>
    <subfield code="e">author</subfield>
  </datafield>
  <datafield tag="700" ind1=" " ind2=" ">
    <subfield code="a">Ahmed, Farhin</subfield>
    <subfield code="e">author</subfield>
  </datafield>
  <datafield tag="942" ind1=" " ind2=" ">
    <subfield code="2">ddc</subfield>
    <subfield code="c">BK</subfield>
  </datafield>
  <datafield tag="999" ind1=" " ind2=" ">
    <subfield code="c">11893</subfield>
    <subfield code="d">11893</subfield>
  </datafield>
  <datafield tag="952" ind1=" " ind2=" ">
    <subfield code="0">0</subfield>
    <subfield code="1">0</subfield>
    <subfield code="2">ddc</subfield>
    <subfield code="4">0</subfield>
    <subfield code="7">0</subfield>
    <subfield code="8">SOCI</subfield>
    <subfield code="a">MAIN</subfield>
    <subfield code="b">MAIN</subfield>
    <subfield code="c">GEN</subfield>
    <subfield code="d">2024-08-28</subfield>
    <subfield code="g">220.00</subfield>
    <subfield code="l">6</subfield>
    <subfield code="o">301.0954 BHA</subfield>
    <subfield code="p">30138</subfield>
    <subfield code="r">2025-12-01 06:38:29</subfield>
    <subfield code="s">2025-11-11</subfield>
    <subfield code="t">1</subfield>
    <subfield code="w">2024-08-28</subfield>
    <subfield code="y">BK</subfield>
  </datafield>
  <datafield tag="952" ind1=" " ind2=" ">
    <subfield code="0">0</subfield>
    <subfield code="1">0</subfield>
    <subfield code="2">ddc</subfield>
    <subfield code="4">0</subfield>
    <subfield code="7">0</subfield>
    <subfield code="8">SOCI</subfield>
    <subfield code="a">MAIN</subfield>
    <subfield code="b">MAIN</subfield>
    <subfield code="c">GEN</subfield>
    <subfield code="d">2024-08-28</subfield>
    <subfield code="g">220.00</subfield>
    <subfield code="l">6</subfield>
    <subfield code="o">301.0954 BHA</subfield>
    <subfield code="p">30139</subfield>
    <subfield code="r">2025-11-29 06:36:42</subfield>
    <subfield code="s">2025-10-11</subfield>
    <subfield code="t">2</subfield>
    <subfield code="w">2024-08-28</subfield>
    <subfield code="y">BK</subfield>
  </datafield>
  <datafield tag="952" ind1=" " ind2=" ">
    <subfield code="0">0</subfield>
    <subfield code="1">0</subfield>
    <subfield code="2">ddc</subfield>
    <subfield code="4">0</subfield>
    <subfield code="7">0</subfield>
    <subfield code="8">SOCI</subfield>
    <subfield code="a">MAIN</subfield>
    <subfield code="b">MAIN</subfield>
    <subfield code="c">GEN</subfield>
    <subfield code="d">2024-08-28</subfield>
    <subfield code="g">220.00</subfield>
    <subfield code="l">4</subfield>
    <subfield code="o">301.0954 BHA</subfield>
    <subfield code="p">30140</subfield>
    <subfield code="r">2025-11-11 06:46:13</subfield>
    <subfield code="s">2025-10-16</subfield>
    <subfield code="t">3</subfield>
    <subfield code="w">2024-08-28</subfield>
    <subfield code="y">BK</subfield>
  </datafield>
  <datafield tag="952" ind1=" " ind2=" ">
    <subfield code="0">0</subfield>
    <subfield code="1">0</subfield>
    <subfield code="2">ddc</subfield>
    <subfield code="4">0</subfield>
    <subfield code="7">0</subfield>
    <subfield code="8">SOCI</subfield>
    <subfield code="a">MAIN</subfield>
    <subfield code="b">MAIN</subfield>
    <subfield code="c">GEN</subfield>
    <subfield code="d">2024-08-28</subfield>
    <subfield code="g">220.00</subfield>
    <subfield code="l">6</subfield>
    <subfield code="o">301.0954 BHA</subfield>
    <subfield code="p">30141</subfield>
    <subfield code="r">2025-11-14 05:07:16</subfield>
    <subfield code="s">2025-11-06</subfield>
    <subfield code="t">4</subfield>
    <subfield code="w">2024-08-28</subfield>
    <subfield code="y">BK</subfield>
  </datafield>
  <datafield tag="952" ind1=" " ind2=" ">
    <subfield code="0">0</subfield>
    <subfield code="1">0</subfield>
    <subfield code="2">ddc</subfield>
    <subfield code="4">0</subfield>
    <subfield code="7">0</subfield>
    <subfield code="8">SOCI</subfield>
    <subfield code="a">MAIN</subfield>
    <subfield code="b">MAIN</subfield>
    <subfield code="c">GEN</subfield>
    <subfield code="d">2024-08-28</subfield>
    <subfield code="g">220.00</subfield>
    <subfield code="l">9</subfield>
    <subfield code="o">301.0954 BHA</subfield>
    <subfield code="p">30142</subfield>
    <subfield code="r">2025-11-11 05:56:40</subfield>
    <subfield code="s">2025-10-28</subfield>
    <subfield code="t">5</subfield>
    <subfield code="w">2024-08-28</subfield>
    <subfield code="y">BK</subfield>
  </datafield>
  <datafield tag="952" ind1=" " ind2=" ">
    <subfield code="0">0</subfield>
    <subfield code="1">0</subfield>
    <subfield code="2">ddc</subfield>
    <subfield code="4">0</subfield>
    <subfield code="7">0</subfield>
    <subfield code="8">SOCI</subfield>
    <subfield code="a">MAIN</subfield>
    <subfield code="b">MAIN</subfield>
    <subfield code="c">GEN</subfield>
    <subfield code="d">2025-09-01</subfield>
    <subfield code="g">250.00</subfield>
    <subfield code="l">2</subfield>
    <subfield code="o">301.0954 BHA</subfield>
    <subfield code="p">31005</subfield>
    <subfield code="r">2025-12-09 11:09:24</subfield>
    <subfield code="s">2025-11-10</subfield>
    <subfield code="t">6</subfield>
    <subfield code="w">2025-09-01</subfield>
    <subfield code="y">BK</subfield>
  </datafield>
  <datafield tag="952" ind1=" " ind2=" ">
    <subfield code="0">0</subfield>
    <subfield code="1">0</subfield>
    <subfield code="2">ddc</subfield>
    <subfield code="4">0</subfield>
    <subfield code="7">0</subfield>
    <subfield code="8">SOCI</subfield>
    <subfield code="a">MAIN</subfield>
    <subfield code="b">MAIN</subfield>
    <subfield code="c">GEN</subfield>
    <subfield code="d">2025-09-01</subfield>
    <subfield code="g">250.00</subfield>
    <subfield code="l">0</subfield>
    <subfield code="o">301.0954 BHA</subfield>
    <subfield code="p">31006</subfield>
    <subfield code="r">2025-09-01 12:31:49</subfield>
    <subfield code="t">7</subfield>
    <subfield code="w">2025-09-01</subfield>
    <subfield code="y">BK</subfield>
  </datafield>
</record>
